000 nam a22 a 4500
999 _c187555
_d187555
003 BLK
005 20220804140515.0
008 180411b bul|||||r ||||||| ||bul||
010 _aKNG00196571000
040 _aBLK
041 _aBUL
_cBUL
080 _aБългарска литература
_b821.163.2
_x-1
_z821.163.2-1
139 _aСептемврийска епопея
_bС 33
245 1 0 _aСептемврийска епопея
_bАнтология
_cсъстав. и ред. Димитър Стефанов; худож. Стефан Шишков.
257 _aBGR
260 _bНар. младеж
_c1973
_aСофия
300 _a55 с.
_bс ил.
_c23 см
380 _aX
700 1 _aСтефанов, Димитър
_eсъстав. и ред.
_gБъчваров, Димитър Стефанов
_9363780
700 1 _aШишков, Стефан
_eхудож.
_9380072
852 _aЦб 68703
856 4 _qpdf
856 4 _qpdf
942 _cKNG
_n0
_s1
944 _aCR
_c22.11.2016
_kКети_Илиева
944 _aED
_c22.11.2016
_kКети_Илиева
999 _d187555